| 000 | 00779nam a2200277 a 4500 | ||
|---|---|---|---|
| 001 | vtls001402022 | ||
| 003 | NLI | ||
| 005 | 20210627112953.0 | ||
| 008 | 121127s1961 nyu 000 0 eng | ||
| 020 | _cRs. 126.00 | ||
| 039 | 9 |
_y201211272014 _zVLOAD |
|
| 040 |
_aNLI _beng _cDatasoft_2012 _eAACR2 |
||
| 041 | 0 | _aeng | |
| 044 | _a nyu | ||
| 082 | 0 | 4 | _a 757.7 |
| 245 | 0 | 0 |
_aTurkey : _bancient miniatures |
| 260 |
_aNew York : _bNew York Graphic Society, _cc1961 |
||
| 300 |
_a26 p., xii ; _c48 cm. |
||
| 650 | 0 |
_aMiniature painting, Mogul _9975506 |
|
| 710 | 2 |
_aNew York Graphic Society _4pbl _9975507 |
|
| 887 | _a | ||
| 901 |
_a344465 _b24.04.1962 |
||
| 902 | _aE/O 757.7 T 847 | ||
| 949 |
_AVIRTUAITEM _D10000 _X100 _6PUR000344465ENG |
||
| 942 |
_2ddc _cBKS |
||
| 999 |
_aVIRTUA40 _c856231 _d856231 |
||